书目信息 |
| 题名: |
文史工具书的源流和使用
|
|
| 作者: | 王明根 著 | |
| 分册: | ||
| 出版信息: | 上海 上海人民出版社 1980 |
|
| 页数: | 389页 | |
| 开本: | 19cm | |
| 丛书名: | ||
| 单 册: | ||
| 中图分类: | G252.7 , G-62 | |
| 科图分类: | ||
| 主题词: | 文史-工具书--研究 , 工具书-文史--研究 , 文化 , 科学 , 教育 , 体育 | |
| 电子资源: | ||
| ISBN: | ||
| 000 | 00738nam0 2200289 450 | |
| 001 | 1571946274 | |
| 005 | 20150125195949.17 | |
| 010 | @dCNY1.20 | |
| 091 | @a11074.450 | |
| 100 | @a19950125d1980 em y0chiy0110 ea | |
| 101 | 0 | @achi |
| 102 | @aCN@b310000 | |
| 105 | @ay z 000yy | |
| 200 | 1 | @a文史工具书的源流和使用@9wen shi gong ju shu de yuan liu he shi yong@f王明根等著 |
| 210 | @a上海@c上海人民出版社@d1980 | |
| 215 | @a389页@d19cm | |
| 606 | 0 | @a文史-工具书@x研究 |
| 606 | 0 | @a工具书-文史@x研究 |
| 606 | 0 | @a文化 |
| 606 | 0 | @a科学 |
| 606 | 0 | @a教育 |
| 606 | 0 | @a体育 |
| 690 | @aG252.7@v5 | |
| 690 | @aG-62@v4 | |
| 701 | 0 | @a王明根@9wang ming gen@4著 |
| 801 | 0 | @aCN@bTSSF@c20150125 |
| 905 | @aZUCC@dG-62@eJY28 | |
| 文史工具书的源流和使用/王明根等著.-上海:上海人民出版社,1980 |
| 389页;19cm |
| ISBN :CNY1.20 |
| ● |
| 相关链接 |
|
|
|
|
正题名:文史工具书的源流和使用
索取号:G-62/JY28
 
预约/预借
| 序号 | 登录号 | 条形码 | 馆藏地/架位号 | 状态 | 备注 |
| 1 | 7839490 | 278394907 | 学院路分馆/ [索取号:G-62/JY28] | 在馆 |